Harry Styles - Harry's House - Statistics

General Stats
  • This quiz has been taken 20 times
  • The average score is 9 of 13
Answer Stats
2022 Harry's House % Correct
1 Music For a Sushi Restaurant
86%
8 Cinema
79%
3 Grapejuice
79%
2 Late Night Talking
79%
7 Matilda
79%
11 Satellite
79%
4 As It Was
71%
5 Daylight
71%
10 Keep Driving
71%
12 Boyfriends
64%
13 Love Of My Life
64%
9 Daydreaming
57%
6 Little Freak
57%
No matching quizzes found
Score Distribution
Percent of People with Each Score
Percentile by Number Answered
Your Score History
You have not taken this quiz